Welcome to the Holygrace Academy Library

Please use search bar below to get started

HOW TO PLAY CHESS (Record no. 6881)

MARC details
000 -LEADER
fixed length control field 00323nam a22001457a 4500
020 ## - INTERNATIONAL STANDARD BOOK NUMBER
ISBN 978-0-2412-5726-5
082 ## - DEWEY DECIMAL CLASSIFICATION NUMBER
Classification number 001
Item number SUM/C
100 ## - MAIN ENTRY--AUTHOR NAME
Personal name SUMMERSCALE, CLAIRE
245 ## - TITLE STATEMENT
Title HOW TO PLAY CHESS
260 ## - PUBLICATION, DISTRIBUTION, ETC. (IMPRINT)
Place of publication DELHI
Name of publisher PENDUIN RAMDOM HOUSE
Year of publication 2016
300 ## - PHYSICAL DESCRIPTION
Number of Pages 72
520 ## - SUMMARY, ETC.
Summary, etc CHESS PLAYING
650 ## - SUBJECT ADDED ENTRY--TOPICAL TERM
Topical Term G.K
942 ## - ADDED ENTRY ELEMENTS (KOHA)
Koha item type Books
Holdings
Withdrawn status Lost status Collection code Home library Current library Shelving location Date acquired Source of acquisition Cost, normal purchase price Full call number Accession Number Koha item type
    Non-fiction Main Library Main Library NEW SHELF WITH NEW ENTRY 26/10/2023 Purchase 550.00 794.1SUM/C 13002 Books